| Tag |
First Indicator |
Second Indicator |
Subfields |
| LEADER |
00000cam a2200000 4500 |
| 001 |
in00000624721 |
| 005 |
20210327063528.0 |
| 008 |
730412s1969 sp 00100 spa d |
| 035 |
|
|
|a (OCoLC)00602964
|
| 035 |
|
|
|9 ACS7942AM
|
| 040 |
|
|
|c CSU
|d TXA
|d UtOrBLW
|
| 049 |
|
|
|a TXAM
|c [1539308]
|
| 090 |
|
|
|a PQ6037
|b .V35
|
| 100 |
1 |
|
|a Valverde, José María,
|d 1926-1996.
|
| 245 |
1 |
0 |
|a Breve historia de la literatura espanola.
|
| 250 |
|
|
|a l. ed.
|
| 264 |
|
1 |
|a Madrid :
|b Ediciones Guadarrama,
|c [1969]
|
| 300 |
|
|
|a 271p. ;
|c 19 cm.
|
| 336 |
|
|
|a text
|b txt
|2 rdacontent
|
| 337 |
|
|
|a unmediated
|b n
|2 rdamedia
|
| 338 |
|
|
|a volume
|b nc
|2 rdacarrier
|
| 490 |
0 |
|
|a Punto Omego, 86
|
| 650 |
|
0 |
|a Spanish literature
|x History and criticism.
|
| 999 |
|
|
|a MARS
|
| 999 |
f |
f |
|s 5ec59eb3-615e-3bb6-ac29-f14de5566356
|i f8c12573-ba5b-3597-a522-1449abfa5f93
|t 0
|
| 952 |
f |
f |
|p normal
|a Texas A&M University
|b College Station
|c Sterling C. Evans Library
|d Evans: Library Stacks
|t 0
|e PQ6037 .V35
|h Library of Congress classification
|i unmediated -- volume
|m A14803797815
|
| 998 |
f |
f |
|a PQ6037 .V35
|t 0
|l Evans: Library Stacks
|